21 Savage Most Popular Songs - Statistics

General Stats
  • This quiz has been taken 75 times
  • The average score is 12 of 20
Answer Stats
No. Album Song Streams % Correct
5 i am > i was a lot 1,104,754,180
92%
1 beerbongs& bentleys (Post Malone) rockstar (feat. 21 Savage) 3,211,842,921
86%
3 Issa Album Bank Account 1,231,807,539
83%
7 SAVAGE MODE II Runnin 847,494,639
76%
11 american dream redrum 726,508,189
75%
2 HEROES & VILLAINS(Metro Boomin) Creepin' (with The Weeknd & 21 Savage) 1,612,421,180
71%
6 Her Loss Rich Flex 923,928,553
71%
10 SAVAGE MODE II Glock In My Lap 830,974,614
66%
4 Honestly, Nevermind(Drake) Jimmy Cooks (feat. 21 Savage) 1,194,605,221
66%
8 Certifed Lover Boy(Drake) Knife Talk (feat. 21 Savage, Project Pat) 834,111,342
66%
9 i am > i was ball w/o you 833,599,022
64%
14 Savage Mode X (feat. Future) 625,225,984
61%
16 Savage Mode No Heart 522,227,737
59%
12 The Forever Story (JID) Surround Sound (feat. 21 Savage & Baby Tate 718,762,035
58%
15 SAVAGE MODE II Rich Nigga Shit (feat. Young Thug) 539,841,730
53%
17 The Off Season (J. Cole) m y . l i f e (with 21 Savage & Morray) 508,479,439
47%
13 NOT ALL HEROESWEARS CAPES 10 Freaky Girls (with 21 Savage) 717,945,862
41%
20 Without Warning Ghostface Killers (feat. Travis Scott) 418,044,790
34%
18 Her Loss Spin Bout U 458,182,835
24%
19 - (Cardi B) Bartier Cardi (feat. 21 Savage) 425,340,056
15%
No matching quizzes found
Score Distribution
Percent of People with Each Score
Percentile by Number Answered
Your Score History
You have not taken this quiz